Prof. MUDr. Ivan Šimkovic, DrSc., sedemdesiatročný

Bibliographic Details
Main Author: Černý, Ján, 1925-2000 (Author)
Format: Article
Language:Slovak
Subjects:

MARC

LEADER 00000nab a2200000 a 4500
001 vtls000361443
003 SK-MaSNL
005 20260305001533.0
008 220422c1989 xo 0 slo
015 |a SNBRB19rr/mm-uuuuu 
035 |a CL0361565 
040 |a SNKBUCL  |b slo  |c SNKBUCL  |e AACR2 
041 0 |a slo 
044 |a xo  |c SK 
080 |a 616.12-089-051  |2 1981 
080 |a 378.124  |2 1981 
080 |a 929 Šimkovic, Ivan  |2 1981 
100 1 |a Černý, Ján,  |d 1925-2000  |4 aut  |9 56492 
245 1 0 |a Prof. MUDr. Ivan Šimkovic, DrSc., sedemdesiatročný  |c Ján Černý ; Ivan Šimkovic 
600 1 7 |a Šimkovic, Ivan,  |d 1919-2007  |2 snkbucl  |9 110818 
655 7 |a články z novín a časopisov  |2 snkbucl  |9 267496 
773 0 |t Rozhledy v chirurgii  |g Roč. 68, č. 6 (1989), s. 377-379 
850 |a Slovenská národná knižnica v Martine  |a MTA001 
852 |a SNK  |b KIS3GCP 
958 |a BX 
958 |a RK 
958 |a ME 
992 |a RBX 
999 |c 3219949  |d 3221879